| 000 | 01286cam a2200313 a 4500 | ||
|---|---|---|---|
| 001 | 3541542 | ||
| 003 | NUST-PNEC | ||
| 005 | 20170116180737.0 | ||
| 008 | 970116s1997 caua 001 0 eng | ||
| 010 | _a 97005116 | ||
| 020 | _a1571690786 | ||
| 020 | _a8187105542 | ||
| 040 |
_aDLC _cPNEC _dDLC |
||
| 050 | 0 | 0 |
_aQA76.9.C55 _bV58 1997 |
| 082 | 0 | 0 |
_a005.43 JER _221 |
| 100 |
_91057 _aJerke, Noel |
||
| 245 | 0 | 0 |
_aVisual Basic 5 client/server how-to / _cNoel Jerke ... [et al.]. |
| 260 |
_aCorte Madera, CA / New Delhi : _bWaite Group Press/ Techmedia, _cc1997. |
||
| 300 |
_axv, 916 p. : _bill. ; _c23 cm. |
||
| 500 | _aIncludes index. | ||
| 538 | _aSystem requirements for accompanying computer disc: Windows 95; Windows NT 3.51 or higher. | ||
| 630 | 0 | 0 | _aVisual Basic. |
| 650 | 0 |
_aClient/server computing. _xComputer, MIS |
|
| 700 | 1 | _aJerke, Noel. | |
| 856 | _uhttp://www.amazon.com/Visual-Basic-Client-Server-How/dp/1571690786/ref=sr_1_fkmr0_1?s=books&ie=UTF8&qid=1417007113&sr=1-1-fkmr0&keywords=MICROSOFT+VISUAL+BASIC+PROVISUAL+BASIC+5+CLIENT%2FSERVER+HOW-TO+BY | ||
| 906 |
_a7 _bcbc _corignew _d1 _eocip _f19 _gy-gencatlg |
||
| 942 |
_2ddc _cBK |
||
| 999 |
_c62007 _d62007 |
||